| 000 | 00719cam a2200205 4500 | ||
|---|---|---|---|
| 001 | 3614029 | ||
| 003 | GBCCL | ||
| 005 | 20251127133957.0 | ||
| 008 | 700604t19691966nyub 000 0 eng | ||
| 040 |
_aDLC _cDLC _dDLC |
||
| 082 | 0 | 0 |
_a220.5207 _bBIB |
| 245 | 1 | 4 |
_aThe Old Testament of the Jerusalem Bible. _c[General editor: Alexander Jones] |
| 260 |
_aGarden City, N.Y., _bDoubleday _c[1969, c1966] |
||
| 300 |
_axix, 1587 p. _bmaps (part col.) _c24 cm. |
||
| 350 | _a11.95 | ||
| 500 | _a"The principal collaborators in translation and literary revision were: Joseph Leo Alston [and others]" | ||
| 700 | 1 |
_aJones, Alexander, _d1906- _eed. _913662 |
|
| 906 |
_a7 _bcbc _corignew _du _encip _f19 _gy-gencatlg |
||
| 942 |
_2ddc _cREF |
||
| 999 |
_c7822 _d7822 |
||